Diseño de la ingeniería básica de una planta formuladora de herbicidas como disoluciones líquidas en agua a base de 2,4-D, glifosato, 2,4-D más piclorán y paraquat
Gorde:
| Egile nagusia: | |
|---|---|
| Beste egile batzuk: | |
| Formatua: | Liburua |
| Hizkuntza: | Spanish |
| Argitaratua: |
San José, Costa Rica
2013
|
| Gaiak: | |
| Etiketak: |
Etiketa erantsi
Etiketarik gabe, Izan zaitez lehena erregistro honi etiketa jartzen!
|
MARC
| LEADER | 00000nam a22000007a 4500 | ||
|---|---|---|---|
| 003 | 011738 | ||
| 005 | 20240102145935.0 | ||
| 008 | 151001b2013 cr a|||| |||| 00| 0 spa d | ||
| 040 | |c cru CEDI | ||
| 090 | |a TFG 6908 | ||
| 100 | |a Rodríguez Castro, Mauren |9 1236 | ||
| 245 | |a Diseño de la ingeniería básica de una planta formuladora de herbicidas como disoluciones líquidas en agua a base de 2,4-D, glifosato, 2,4-D más piclorán y paraquat | ||
| 260 | |a San José, Costa Rica |c 2013 | ||
| 500 | |a Proyecto de graduación (licenciatura en ingeniería química)--Universidad de Costa Rica. Facultad de Ingeniería. Escuela de Ingeniería Química | ||
| 501 | |a Director de Proyecto de Graduación: Dr. Eduardo Rivera Porras | ||
| 650 | |x HERBICIDAS - PRODUCCION |x PROCESOS QUIMICOS |x HERBICIDAS - PRODUCCION - EQUIPO Y ACCESORIOS |x GLIFOSATO |x PARAQUAT |x INGENIERÍA QUÍMICA |9 1237 | ||
| 700 | |a Rivera Porras, Eduardo |d Director del TFG |9 1853 | ||
| 942 | |c TFG |h TFG 6908 |i 011738 |6 TFG_6908_011738000000000 | ||
| 999 | |c 14037 |d 14037 | ||
